000 00395nam a2200169Ia 4500
001 4693
003 IN-NITTTR
005 20251114233002.0
008 251113s9999||||xx |||||||||||||| ||eng||
040 _beng
040 _cIN-NITTTR
041 _aeng
082 _a547 A26O
100 _aAbbott, D.J.
245 0 _aOrganic chemistry :
_b the basic reactions. /
_cAbbott, D.J.
942 _2ddc
_cBK
999 _c7329
_d7329